Iniciar un nuevo viaje: del trabajo infantil a la educación y la formación

Saved in:
Bibliographic Details
Format: Text
Subjects:
Tags: Add Tag
No Tags, Be the first to tag this record!

MARC

LEADER 00000 a a2200000 04500
001 18705
003
040
245 |a Iniciar un nuevo viaje: del trabajo infantil a la educación y la formación  
650 |a TRABAJO DE MENORES  
650 |a EDUCACION  
773 |g número 61; páginas 18-21  
999 |c 19912  |d 19912